00615 2200193 4500001002100000005001500021035002000036007000300056008003900059082001200098084001800110100003600128245009900164260007600263300004200339650001100381022001300392990001600405INLIS00000000000063720240801015748 a0010-0824000002ta240801 | | |  a630.205 a630.205 DE m0 aDiogo Augusto Frota de Carvalho1 aMULTIFUNCTIONAL CHARACTERIZATION OF FAMILY FARMING IN RURAL SETTLEMENTS IN CAMPO MAIOR, PIAUÍ aBrazil, São Paulo :bCentro Universitário da FEI, Revista RGSA,c2024 a1-16 hlm, :bilus, ;c21 cm X 29,5 cm 4aJurnal a1981982X a00000000711